| 000 | 00500nam a22001577a 4500 | ||
|---|---|---|---|
| 008 | 160819b xxu||||| |||| 00| 0 eng d | ||
| 020 | _a81-207-1747-3 | ||
| 082 |
_22006 _aDC 372.7 _bSi1 |
||
| 100 |
_913099 _aSidhu, Kulbir Singh |
||
| 245 |
_aThe teaching of mathematics/ _cKulbir Singh Sidhu |
||
| 260 |
_aNew Delhi: _bSterling Publishers Private Limited, _cc2006. |
||
| 300 |
_avii, 413 pages; _c21 cm. |
||
| 650 | 0 |
_913100 _aMathematics _vStudy and teaching |
|
| 365 |
_b600.00 _cPhp |
||
| 942 |
_2ddc _cDC |
||
| 999 |
_c3920 _d3920 |
||